000 00525 a2200169 4500
003 OSt
005 20240823105318.0
008 231018b |||||||| |||| 00| 0 eng d
020 _a9789933100308
040 _coclc
082 _a297
_bNAB/A
100 _aShaheen,abdul sabboor
_910476
245 _aAl-zahirah al-quraniyah = Problems of civilisation The quranic phenomenon /
_cMalik bin nabi
260 _aDimashq:
_bDarul fikr,
_c2015.
300 _a311p
942 _2ddc
_cBK
_h297
_iNAB/A
_k297
_mNAB/A
999 _c42674
_d42674